000 00897nam a2200301Ia 4500
001 Z_2472
003 CHAP
008 220113s1980 xx 000 0 und d
010 _a165526
020 _a84-291-7511-3
040 _cCHAP
082 _a543 S56
100 _aSkoog, Douglas A.
_9106837
245 _aIntroducción a la química analítica /
_cDouglas A. Skoog y Donald M. West; traducción Enrrique Casassas Simón
260 _aEspaña :
_bReverté,
_c1980
300 _aix, 589 p.
500 _aTraducción del título en inglés : Analytical chemistry an introduction
503 _aej.1: C/E \ ej.2: 123950 \ ej.3: s/n
650 _aQuímica analítica
_993582
700 _a Casassas Simón, Enrrique, tr.
_9139408
700 _aWest, Donald M. coaut.
_9139409
901 _a543 S56
902 _aM
910 _a1980
942 _c1
942 _cc1
999 _c165526
_d165526